Bionicle chronicles collection / (Record no. 1850)

MARC details
000 -LEADER
fixed length control field 01139cam a2200301 a 4500
005 - DATE AND TIME OF LATEST TRANSACTION
control field 20250827094158.0
020 ## - INTERNATIONAL STANDARD BOOK NUMBER
International Standard Book Number 0760795118
040 ## - CATALOGING SOURCE
Original cataloging agency TxWM
Transcribing agency TxWM
Modifying agency TxWM
-- DLC
050 00 - LIBRARY OF CONGRESS CALL NUMBER
Classification number PZ7.H1996
Item number Bi 2005
082 ## - DEWEY DECIMAL CLASSIFICATION NUMBER
Classification number Fic
100 1# - MAIN ENTRY--PERSONAL NAME
Personal name Hapka, Cathy.
245 10 - TITLE STATEMENT
Title Bionicle chronicles collection /
Statement of responsibility, etc. by C.A. Hapka.
250 ## - EDITION STATEMENT
Edition statement Barnes & Noble ed.
260 ## - PUBLICATION, DISTRIBUTION, ETC.
Place of publication, distribution, etc. New York :
Name of publisher, distributor, etc. Scholastic,
Date of publication, distribution, etc. 2005.
300 ## - PHYSICAL DESCRIPTION
Extent 436 pages ;
Dimensions 20 cm
490 ## - SERIES STATEMENT
Series statement Bionicle Chronicles
Volume/sequential designation Book 2
500 ## - GENERAL NOTE
General note "Based on the Lego characters!"--P. 4 of cover.
505 0# - FORMATTED CONTENTS NOTE
Formatted contents note K
505 0# - FORMATTED CONTENTS NOTE
Formatted contents note Tale of the Toa -- Beware the Bohrok -- Makuta's revenge -- Tales of the masks.
520 ## - SUMMARY, ETC.
Summary, etc. "After a long and difficult journey, the Toa have finally embraced their destiny. Despite their differences, they have joined together as a mighty force for good. But will their combined powers be enough to take on Makuta's minions?"
521 ## - TARGET AUDIENCE NOTE
Target audience note 570 <br/>
Source Lexile
521 ## - TARGET AUDIENCE NOTE
Target audience note K <br/>
Source Raz-Plus
650 #0 - SUBJECT ADDED ENTRY--TOPICAL TERM
Topical term or geographic name entry element Children's stories, American.
650 #0 - SUBJECT ADDED ENTRY--TOPICAL TERM
Topical term or geographic name entry element Science fiction, American.
906 ## - LOCAL DATA ELEMENT F, LDF (RLIN)
a 7
b cbc
c copycat
d 2
e ncip
f 20
g y-gencatlg
942 ## - ADDED ENTRY ELEMENTS (KOHA)
Source of classification or shelving scheme Dewey Decimal Classification
Koha item type Books
Suppress in OPAC No
999 ## -
-- 1850
-- 1850
Holdings
Withdrawn status Lost status Source of classification or shelving scheme Damaged status Not for loan Collection Home library Current library Shelving location Date acquired Total Checkouts Full call number Barcode Date last seen Price effective from Koha item type Copy number
    Dewey Decimal Classification     Juvenile Fiction Footprints International School Library Network Toul Kork Campus Footprints International School Library Network Toul Kork Campus TK Primary Library Room(4th Floor), Bookcase 3&4, Shelves 17-32, Yellow Books 10/04/2023   HAP 813.54 PZ7.H1996 FISTK01016 10/04/2023 10/04/2023 Books  
    Dewey Decimal Classification     Juvenile Fiction Footprints International School Library Network Toul Tom Poung Campus Footprints International School Library Network Toul Tom Poung Campus TTP Primary Yellow Bookshelves 08/27/2025   HAP 813.54 PZ7.H1996 FIS03527 08/27/2025 08/27/2025 Books 2